Writing matters : (Record no. 8129)
[ view plain ]
| 000 -LEADER | |
|---|---|
| fixed length control field | 00607nam a22002057a 4500 |
| 003 - CONTROL NUMBER IDENTIFIER | |
| control field | BD-DhSAU |
| 005 - DATE AND TIME OF LATEST TRANSACTION | |
| control field | 20150610121716.0 |
| 008 - FIXED-LENGTH DATA ELEMENTS--GENERAL INFORMATION | |
| fixed length control field | 150610b1989 -uka||||r|||| 00| 0 eng d |
| 020 ## - INTERNATIONAL STANDARD BOOK NUMBER | |
| International Standard Book Number | 0521348951 |
| 040 ## - CATALOGING SOURCE | |
| Original cataloging agency | BD-DhSAU |
| 082 ## - DEWEY DECIMAL CLASSIFICATION NUMBER | |
| Edition number | 22 |
| Classification number | 421 |
| Item number | BRW |
| 100 ## - MAIN ENTRY--PERSONAL NAME | |
| Personal name | Brown, Kristine |
| 245 ## - TITLE STATEMENT | |
| Title | Writing matters : |
| Remainder of title | writing skills and strategies for student of English / |
| Statement of responsibility, etc. | Kristine Brown and Susan Hood |
| 260 ## - PUBLICATION, DISTRIBUTION, ETC. (IMPRINT) | |
| Place of publication, distribution, etc. | Cambridge ; |
| Name of publisher, distributor, etc. | Cambridge Universities Press |
| Date of publication, distribution, etc. | c1989. |
| 300 ## - PHYSICAL DESCRIPTION | |
| Extent | 147 p. : |
| Other physical details | ill. ; |
| Dimensions | 24 cm. |
| 590 ## - Name of Cataloguer | |
| Name of Cataloger | erfat |
| 650 ## - SUBJECT ADDED ENTRY--TOPICAL TERM | |
| Topical term or geographic name as entry element | Writing matters. |
| 700 ## - ADDED ENTRY--PERSONAL NAME | |
| Personal name | Hood, Susan |
| 942 ## - ADDED ENTRY ELEMENTS (KOHA) | |
| Source of classification or shelving scheme | Dewey Decimal Classification |
| Koha item type | Book |
| Withdrawn status | Lost status | Source of classification or shelving scheme | Damaged status | Not for loan | Collection code | Home library | Branch Name | Shelving location | Date acquired | Total Checkouts | Full call number | Barcode | Date last seen | Price effective from | Koha item type |
|---|---|---|---|---|---|---|---|---|---|---|---|---|---|---|---|
| Dewey Decimal Classification | Not For Loan | Reference | SAU Library | SAU Library | Reference | 10/06/2015 | 421 BRW | 34266 | 10/06/2015 | 10/06/2015 | Book |
